Top 10 der Städte Frankreichs - Sudden Death - 10 größten Städte - Statistieken

Algemene statistieken
  • Deze quiz is 15 keer genomen
  • De gemiddelde score is 8 van 10
Answers on the Grid
Answers color-coded by a green-red scale on the quiz's grid according to % correct below.
Beziers
Marseille
Nantes
Strasbourg
Lille
Perpignan
Paris
Montpellier
Bordeaux
Chambéry
Lyon
Nancy
Nice
Limoges
Toulouse
 
Antwoordstatistieken
Antwoord % Correct
Strasbourg
100%
Lille
92%
Marseille
92%
Paris
92%
Bordeaux
83%
Lyon
83%
Toulouse
83%
Montpellier
75%
Nantes
75%
Nice
58%
Geen overeenkomende quizzen gevonden
Scoreverdeling
Procent van Mensen met Elke Score
Percentiel versus Aantal Correcte Antwoorden
Uw Scoregeschiedenis
U heeft deze quiz nog niet genomen